Principles of Transportation Engineering / (Record no. 78111)

MARC details
000 -LEADER
fixed length control field 01013nam a22002537a 4500
005 - DATE AND TIME OF LATEST TRANSACTION
control field 20170508121853.0
010 ## - LCCN (DPL NO)
LC control number B-528626-631 B-667841
020 ## - INTERNATIONAL STANDARD BOOK NUMBER
International Standard Book Number 9788120320840
Terms of availability 350.00
035 ## - SYSTEM CONTROL NUMBER
System control number B-528626-631
035 ## - SYSTEM CONTROL NUMBER
System control number B-667841
037 ## - SOURCE OF ACQUISITION
Source of stock number/acquisition DBAD/PUB
037 ## - SOURCE OF ACQUISITION
Source of stock number/acquisition Star Pub/Ven
Stock number dpl
082 ## - DEWEY DECIMAL CLASSIFICATION NUMBER
Classification number 620
100 ## - MAIN ENTRY--PERSONAL NAME
Personal name Chakroborty, Partha
245 ## - TITLE STATEMENT
Title Principles of Transportation Engineering /
Remainder of title by Partha Chakroborty [and] Animesh Das
260 ## - PUBLICATION, DISTRIBUTION, ETC. (IMPRINT)
Place of publication, distribution, etc New Delhi :
Name of publisher, distributor, etc PHI Learning
Date of publication, distribution, etc 2013
270 ## - ADDRESS
Address Rimjhim House, 111, Parparganj Indl. Estate
City Delhi
Postal code 110092
300 ## - PHYSICAL DESCRIPTION
Extent xvi,520p.:
Dimensions 24cm(pbk)
Other physical details ill.
500 ## - GENERAL NOTE
General note Includes bibliographical reference and index
700 ## - ADDED ENTRY--PERSONAL NAME
Personal name Das, Animesh
942 ## - ADDED ENTRY ELEMENTS (KOHA)
Source of classification or shelving scheme Dewey Decimal Classification
Item type English Books
Call number suffix CHA
Classification part 620
Holdings
Withdrawn status Lost status Not for loan Collection code Home library Current library Date acquired Source of acquisition Cost, normal purchase price Full call number Barcode Copy number Cost, replacement price Koha item type Public note
      Non-fiction Ashok Vihar Ashok Vihar 08/05/2017 BPPD/EN/2013-14/AV/16-17/360/15.20.2017/SP2276/03.03.2017/ 18.03.2017 395.00 620 CHA B-667841 1 395.00 English Books reprint cost
      Non-fiction Central Library Central Library 19/03/2014 Star Pub/3204/24.10.2013/37/24.10.2013/29.10.2013 350.00 620 CHA B-528626 2 350.00 English Books  
      Non-fiction Central Library Central Library 19/03/2014 Star Pub/3204/24.10.2013/37/24.10.2013/29.10.2013 350.00 620 CHA B-528627 2 350.00 English Books  
    Not For Loan Reference Central Library Central Library 19/03/2014 Star Pub/3204/24.10.2013/37/24.10.2013/29.10.2013 350.00 620 CHA B-528628 1 350.00 English Books  
      Non-fiction Janak Puri Janak Puri 19/03/2014 Star Pub/3204/24.10.2013/37/24.10.2013/29.10.2013 350.00 620 CHA B-528630 1 350.00 English Books  
      Non-fiction Karol Bagh Karol Bagh 19/03/2014 Star Pub/3204/24.10.2013/37/24.10.2013/29.10.2013 350.00 620 CHA B-528631 1 350.00 English Books  
      Non-fiction Patel Nagar Patel Nagar 19/03/2014 Star Pub/3204/24.10.2013/37/24.10.2013/29.10.2013 350.00 620 CHA B-528629 1 350.00 English Books  

© Delhi Public Library
Hit Counter
free hit counter